00473pab a2200157 454500008004000000100001900040245008500059260000900144300001500153362000800168650003200176650003700208650002100245700002400266773002500290180718b2012 xxu||||| |||| 00| 0 eng d aBowan, Ann O'M aAre us cities losing power and authority? Perceptions of local government actors c2012 ap.528-546. aJul aUrban areas - United states aLocal government - United states aLocal government aKearney, Richard C. aUrban Affairs Review